Statistics for Island Chains by Country

Click here to take the quiz!

General Stats

  • This quiz has been taken 264 times
    (179 since last reset)
  • The average score is 14 of 22

Answer Stats

Island ChainCountry% Correct
HawaiiUnited States
99%
FalklandsUnited Kingdom
97%
GalápagosEcuador
91%
ZanzibarTanzania
84%
FaroeDenmark
82%
SvalbardNorway
82%
AzoresPortugal
82%
Tierra del FuegoArgentina / Chile
73%
CookNew Zealand
73%
IonianGreece
72%
BalearicSpain
70%
ÅlandFinland
64%
AndamanIndia
62%
RyukyuJapan
62%
GuadeloupeFrance
61%
ABCNetherlands
54%
Maluku (Spice)Indonesia
50%
Palm JumeirahUnited Arab Emirates
49%
KurilRussia
41%
VisayasPhilippines
22%
CarolineF.S. of Micronesia / Palau
18%
PenguinNamibia
11%

Score Distribution

Percentile by Number Answered

Percent of People with Each Score

Your Score History

You have not taken this quiz since the last reset